| Tag |
First Indicator |
Second Indicator |
Subfields |
| LEADER |
00000cam a22000001a 4500 |
| 001 |
in00003333985 |
| 006 |
m d f |
| 007 |
cr bn mmmapmmp |
| 008 |
101214s2007 dcu o f000 0 eng d |
| 005 |
20260430225415.3 |
| 035 |
|
|
|a cis2007859788
|
| 040 |
|
|
|a ProQuest
|c ProQuest
|d UtOrBLW
|
| 043 |
|
|
|a n-us---
|
| 099 |
|
|
|a CRS-2007-FDT-0561
|
| 110 |
2 |
|
|a Library of Congress.
|b Congressional Research Service.
|
| 245 |
1 |
0 |
|a World Trade Organization Negotiations :
|b The Doha Development Agenda.
|
| 264 |
|
1 |
|a [Place of publication not identified] :
|b [publisher not identified],
|c 2007.
|
| 300 |
|
|
|a 1 online resource.
|
| 336 |
|
|
|a text
|b txt
|2 rdacontent
|
| 337 |
|
|
|a computer
|b c
|2 rdamedia
|
| 338 |
|
|
|a online resource
|b cr
|2 rdacarrier
|
| 500 |
|
|
|a Record is based on bibliographic data in ProQuest U.S. Congressional Research Digital Collection (last viewed Dec. 2010). Reuse except for individual research requires license from ProQuest, LLC.
|
| 500 |
|
|
|a CRS Report.
|
| 520 |
|
|
|a Discusses the World Trade Organization (WTO) Ministerial Conference held during Nov. 2001 in Doha, Qatar. Examines Doha agenda, including market access, development issues, trade facilitation, WTO rules, and environmental issues. Discusses Congressional role in WTO negotiations.
|
| 500 |
|
|
|a Electronic resource.
|
| 650 |
|
0 |
|a Environmental law.
|
| 650 |
|
0 |
|a Negotiation.
|
| 650 |
|
0 |
|a Trade regulation.
|
| 655 |
|
7 |
|a Electronic books.
|2 local
|
| 710 |
2 |
|
|a ProQuest (Firm)
|
| 776 |
0 |
8 |
|i Microfiche version:
|a Library of Congress. Congressional Research Service.
|t World Trade Organization Negotiations
|
| 830 |
|
0 |
|a U.S. Congressional Research.
|
| 856 |
4 |
0 |
|u http://proxy.library.tamu.edu/login?url=https://congressional.proquest.com/congcomp/getdoc?CRDC-ID=CRS-2007-FDT-0561
|z Connect to the full text of this electronic book
|t 0
|
| 999 |
|
|
|a MARS
|
| 999 |
f |
f |
|s fc4787e0-e1d8-3b2a-97a7-8a4fddee61c2
|i d72bf693-9713-3f71-adfc-501eb0553035
|t 0
|
| 952 |
f |
f |
|a Texas A&M University
|b College Station
|c Electronic Resources
|s www_evans
|d Available Online
|t 0
|e CRS-2007-FDT-0561
|h Other scheme
|
| 998 |
f |
f |
|a CRS-2007-FDT-0561
|t 0
|l Available Online
|